Codes postaux par centaines : villes de la région Lorraine - Statistiques

Statistiques générales
  • Ce quiz a été pris 54 fois
  • Le résultat moyen est 18 sur 35
Statistiques - réponses
Département Code postal Ville % Correct
Meurthe-et-Moselle 54000 Nancy
98%
Moselle 57000 Metz
95%
Vosges 88000 Épinal
88%
Moselle 57100 Thionville
85%
Meuse 55100 Verdun
85%
Meurthe-et-Moselle 54300 Lunéville
83%
Meuse 55000 Bar-le-Duc
80%
Vosges 88100 Saint-Dié-des-Vosges
80%
Moselle 57200 Sarreguemines
80%
Moselle 57600 Forbach
78%
Meuse 55200 Commercy
73%
Meurthe-et-Moselle 54200 Toul
73%
Meurthe-et-Moselle 54400 Longwy
68%
Meurthe-et-Moselle 54700 Pont-à-Mousson
68%
Vosges 88300 Neufchâteau
63%
Moselle 57400 Sarrebourg
60%
Vosges 88400 Gérardmer
55%
Vosges 88800 Vittel
55%
Meurthe-et-Moselle 54500 Vandœuvre-lès-Nancy
53%
Moselle 57500 Saint-Avold
50%
Vosges 88200 Remiremont
45%
Meuse 55300 Saint-Mihiel
38%
Vosges 88500 Mirecourt
33%
Moselle 57700 Hayange
30%
Meurthe-et-Moselle 54800 Jarny
30%
Meurthe-et-Moselle 54600 Villers-lès-Nancy
28%
Meuse 55400 Étain
25%
Meuse 55500 Ligny-en-Barrois
25%
Meuse 55700 Stenay
23%
Moselle 57800 Freyming-Merlebach
20%
Meuse 55600 Montmédy
20%
Vosges 88700 Rambervillers
18%
Vosges 88600 Bruyères
10%
Moselle 57300 Hagondange
10%
Meuse 55800 Revigny-sur-Ornain
10%
Aucun quiz correspondant
Distribution des résultats
% des personnes avec chaque résultat
Percentile par nombre de réponses
Votre historique - résultats
Vous n’avez pas pris ce quiz